Raja: (Record no. 81093)
[ view plain ]
| 000 -LEADER | |
|---|---|
| fixed length control field | 00511nam a2200193Ia 4500 |
| 003 - CONTROL NUMBER IDENTIFIER | |
| control field | OSt |
| 005 - DATE AND TIME OF LATEST TRANSACTION | |
| control field | 20250304134217.0 |
| 008 - FIXED-LENGTH DATA ELEMENTS--GENERAL INFORMATION | |
| fixed length control field | 210210b1970 xxu||||| |||| 00| 0 eng d |
| 040 ## - CATALOGING SOURCE | |
| Transcribing agency | AL |
| 082 ## - DEWEY DECIMAL CLASSIFICATION NUMBER | |
| Classification number | H891.4 MACR |
| 100 ## - MAIN ENTRY--PERSONAL NAME | |
| Personal name | MACHIAVELLI (Nikolo): |
| 9 (RLIN) | 203716 |
| 110 ## - MAIN ENTRY--CORPORATE NAME | |
| Subordinate unit | माचावेल्ली निकोलो |
| 9 (RLIN) | 203717 |
| 245 ## - TITLE STATEMENT | |
| Title | Raja: |
| Remainder of title | राजा |
| 260 ## - PUBLICATION, DISTRIBUTION, ETC. | |
| Place of publication, distribution, etc. | Nayi Dilli |
| Name of publisher, distributor, etc. | Sahitya Academy |
| Date of publication, distribution, etc. | 1970 |
| 300 ## - PHYSICAL DESCRIPTION | |
| Extent | 118 |
| 690 ## - LOCAL SUBJECT ADDED ENTRY--TOPICAL TERM (OCLC, RLIN) | |
| Topical term or geographic name as entry element | Hindi Prose |
| 9 (RLIN) | 203718 |
| 906 ## - LOCAL DATA ELEMENT F, LDF (RLIN) | |
| a | 029895 |
| 942 ## - ADDED ENTRY ELEMENTS (KOHA) | |
| Source of classification or shelving scheme | Dewey Decimal Classification |
| Koha item type | Book |
| Withdrawn status | Lost status | Source of classification or shelving scheme | Damaged status | Not for loan | Collection code | Home library | Current library | Date acquired | Cost, normal purchase price | Total Checkouts | Full call number | Barcode | Date last seen | Price effective from | Koha item type |
|---|---|---|---|---|---|---|---|---|---|---|---|---|---|---|---|
| Dewey Decimal Classification | Hindi | St Aloysius Library | St Aloysius Library | 02/17/2021 | 0.00 | H891.4 MACR | 029895 | 02/17/2021 | 02/17/2021 | Book |